Drapeaux similaires High level #2 - Statistiques

Statistiques générales
  • Ce quiz a été pris 195 fois
  • Le résultat moyen est 14 sur 15
Statistiques - réponses
Par images Réponse % Correct
Maroc
99%
Viet Nam
99%
Cambodge
98%
Honduras
95%
Somalie
94%
Angola
92%
Liechtenstein
92%
Nicaragua
92%
Taiwan
91%
Guatemala
90%
Mongolie
89%
Papouasie nouvelle guinée
89%
Salvador
88%
Haiti
87%
Samoa
73%
Aucun quiz correspondant
Distribution des résultats
% des personnes avec chaque résultat
Percentile par nombre de réponses
Votre historique - résultats
Vous n’avez pas pris ce quiz